Statistics for Guess the Oceanian Country

Click here to take the quiz!

General Stats

  • This quiz has been taken 19 times
  • The average score is 4 of 5

Answer Stats

HintCountry% Correct
I am home to the longest fence in the worldAustralia
88%
I am home to Milford SoundNew Zealand
76%
My capital is Port VilaVanuatu
76%
I have the highest average BMI in the worldNauru
71%
I am home to the highest mountainPapua New Guinea
65%

Score Distribution

Percentile by Number Answered

Percent of People with Each Score

Your Score History

You have not taken this quiz